La palestra del littorio : l'Accademia della Farnesina : un esperimento di pedagogia totalitaria nell'Italia fascista /

Uloženo v:
Podrobná bibliografie
Hlavní autor: Ponzio, Alessio (Autor)
Médium: Kniha
Jazyk:italština
Vydáno: Milano : Angeli, 2009
Edice:Temi di storia ; 143
Témata:
Tagy: Přidat tag
Žádné tagy, Buďte první, kdo vytvoří štítek k tomuto záznamu!

MARC

LEADER 00000nam a22000007i 4500
001 IT\ICCU\RAV\1819518
003 ItRI
005 20260115232112.0
008 090618s2009 it |||||| ||||| |||||c
020 |a 9788856810653 
040 |b ita  |c importazione bologna sebina 
041 7 |a ita  |2 ISO-639-2 
082 |a 378.45632  |9 Educazione superiore. Roma  |2 20 
100 1 |a Ponzio, Alessio  |0 IT\ICCU\LO1V\346215  |4 aut 
245 1 3 |a La palestra del littorio :  |b l'Accademia della Farnesina : un esperimento di pedagogia totalitaria nell'Italia fascista /  |c Alessio Ponzio. 
260 |a Milano :  |b Angeli,  |c 2009 
300 |a 273 p. :  |b ill. ;  |c 23 cm. 
650 7 |a Accademia fascista di educazione fisica  |2 nsbncf 
830 0 |a Temi di storia ;  |v 143  |0 IT\ICCU\PUV\0304284 
942 |2 ddc  |c BK  |n 0 
952 |0 0  |1 0  |4 0  |6 DOC_378_456000000000000_PON  |7 0  |9 20088  |a BO  |b BO  |d 2026-01-15  |i 19538  |l 0  |o DOC 378.456 PON  |p BO19538  |r 2026-01-15 23:21:12  |w 2026-01-15  |x [Sebina 5] [1 v.]  |y BK  |z 1 v. 
999 |c 17127  |d 17127